=LDR 00000nam 2200000 4500 =001 INLIS000000000018883 =005 20130612114017 =008 ***********************************Ind** =035 ##$$0010-061300000018883 =041 ##$$a Ind =082 ##$$a 323.340 4 =090 ##$$a 323.340 4, Wah p =100 ##$$a WAHID, Abdul =245 ##$$a Perlindungan terhadap korban kekerasan seksual, Abdul Wahid =260 ##$$a 2001 $b Bandung =300 ##$$a xviii, 163 hlm., 24 cm =650 ##$$a HAK ASASI WANITA - PERLINDUNGAN SEKSUAL =850 ##$$a NBPNMAT